Catálogo
 En Linea

Ortografía : (Registro nro. 13146)

Detalles MARC
000 -CABECERA
campo de control de longitud fija 01498nam a2200253 a 4500
001 - NÚMERO DE CONTROL
campo de control 000013522
005 - FECHA Y HORA DE LA ÚLTIMA TRANSACCIÓN
campo de control 20240306073903.0
008 - DATOS DE LONGITUD FIJA--INFORMACIÓN GENERAL
campo de control de longitud fija 091125s2008 dr a 000 0 spa d
020 ## - NÚMERO INTERNACIONAL ESTÁNDAR DEL LIBRO
Número Internacional Estándar del Libro 9789945112658 (v. 1)
020 ## - NÚMERO INTERNACIONAL ESTÁNDAR DEL LIBRO
Número Internacional Estándar del Libro 9789945112665 (v. 2)
040 ## - FUENTE DE LA CATALOGACIÓN
Centro catalogador/agencia de origen DO-SdBNP
Lengua de catalogación spa
Centro/agencia transcriptor BNPHU
082 ## - NÚMERO DE LA CLASIFICACIÓN DECIMAL DEWEY
Número de clasificación xxxx
Número de documento/Ítem xxxx
100 1# - ENTRADA PRINCIPAL--NOMBRE DE PERSONA
Nombre de persona Incháustegui, María Isabel
9 (RLIN) 29568
245 10 - MENCIÓN DE TÍTULO
Título Ortografía :
Resto del título educación básica /
Mención de responsabilidad, etc. María Isabel Incháustegui ; dirección editorial Obdulia García de Escobar ; ilustración Ruddy Núñez.
260 ## - PUBLICACIÓN, DISTRIBUCIÓN, ETC.
Lugar de publicación, distribución, etc. Santo Domingo :
Nombre del editor, distribuidor, etc. Santillana,
Fecha de publicación, distribución, etc. 2008.
300 ## - DESCRIPCIÓN FÍSICA
Extensión 8 v. :
Otras características físicas il. ;
Dimensiones 28 cm.
490 1# - MENCIÓN DE SERIE
Mención de serie Coral
500 ## - NOTA GENERAL
Nota general Educación básica.
505 0# - NOTA DE CONTENIDO CON FORMATO
Información miscelánea v. 1 :
-- unidad 1 --
Título A dormir --
Información miscelánea unidad 2 --
Título La madre coneja --
Información miscelánea unidad 3 --
Título El gato de angora --
Información miscelánea unidad 4 --
Título El zorro Cecilio --
Información miscelánea unidad 5 --
Título El canto de la cigüeña --
Información miscelánea unidad 6 --
Título Que toquen los tambores --
Información miscelánea unidad 7 --
Título Mi lindo columpio --
Información miscelánea unidad 8 --
Título Lorenzo, mi loro --
Información miscelánea unidad 9 --
Título Nariz de zanahoria --
505 0# - NOTA DE CONTENIDO CON FORMATO
Información miscelánea v. 2 :
-- unidad 1 --
Título Sonido r fuerte; sonido r suave --
Información miscelánea unidad 2 --
Título Palabras con c-q, c-g --
Información miscelánea unidad 3 --
Título Palabras con g-gu --
Información miscelánea unidad 4 --
Título El zorro Cecilio --
Información miscelánea unidad 5 --
Título El canto de la cigüeña --
Información miscelánea unidad 6 --
Título Que toquen los tambores --
Información miscelánea unidad 7 --
Título Mi lindo columpio --
Información miscelánea unidad 8 --
Título Lorenzo, mi loro --
Información miscelánea unidad 9 --
Título Nariz de zanahoria --
700 1# - PUNTO DE ACCESO ADICIONAL--NOMBRE DE PERSONA
Nombre de persona García Escobar, Obdulia de
Término indicativo de función/relación dir. ed.
9 (RLIN) 29220
700 1# - PUNTO DE ACCESO ADICIONAL--NOMBRE DE PERSONA
Nombre de persona Núñez, Ruddy
Término indicativo de función/relación il.
9 (RLIN) 23171
830 #0 - PUNTO DE ACCESO ADICIONAL DE SERIE-TÍTULO UNIFORME
Título uniforme Coral
9 (RLIN) 30539
Existencias
Estado de retiro Estado de pérdida Restricciones de uso No para préstamo Código de colección Localización permanente Ubicación/localización actual Ubicación en estantería Fecha de adquisición Número de inventario Total de préstamos Signatura topográfica completa Código de barras Fecha visto por última vez Número de copia Precio válido a partir de Tipo de ítem Koha
        Dominicana de Servicio General General En catalogación 25.11.2009 LF1   xxxx xxxx 13522-30 25.06.2020 e. 3 25.06.2020 Libro y Folleto Colección Dominicana de Servicio
      Excluido de préstamo Patrimonio Dominicano Patrimonio Dominicano Patrimonio Dominicano En catalogación 25.11.2009 LF1   xxxx xxxx 13522-10 25.06.2020   25.06.2020 Libro y Folleto Colección Patrimonio Dominicano
      Excluido de préstamo Patrimonio Dominicano Patrimonio Dominicano Patrimonio Dominicano En catalogación 25.11.2009 LF1   xxxx xxxx 13522-20 25.06.2020 e. 2 25.06.2020 Libro y Folleto Colección Patrimonio Dominicano

Con tecnología Koha